| 000 | 00367nab a22001097u 4500 | ||
|---|---|---|---|
| 008 | 130520b2006 xxu||||| |||| 00| 0 spa d | ||
| 041 | _aspa | ||
| 100 | 1 |
_aGross, Rita M. _910618 |
|
| 245 | 0 | 0 |
_aSer una mujer budista norteamericana. Reflexiones de una feminista pionera _cRita M. Gross |
| 773 | 0 |
_tConcilium _gnº316,2006,págs. 137-146 _x0210-1041 _wRev134 |
|
| 942 | _cAR | ||
| 999 |
_c378216 _d378216 |
||